[Event "The Second Jerusalem Open"]
[Site "SchemingMind.com"]
[Date "2008.09.13"]
[Round "-"]
[White "ramanujan"]
[Black "reptile"]
[Result "1/2-1/2"]
[WhiteCountry "IND"]
[BlackCountry "ISR"]
[WhiteElo "1971"]
[WhiteRD "96"]
[BlackElo "1888"]
[BlackRD "83"]
[GameID "171003"]

1. d4 Nf6 2. c4 e6 3. Nc3 Bb4 4. f3 O-O 5. e4 d5 6. cxd5 exd5 7. Bg5 dxe4 8. fxe4 h6 9. Bxf6 Qxf6 10. Nf3 Bg4
11. Be2 Nc6 12. a3 Ba5 13. e5 Qf4 14. O-O Bxf3 15. Bxf3 Qxd4+ 16. Kh1 Qxd1 17. Raxd1 Nxe5 18. b4 Bb6= 19. Bxb7 Rad8 20. Nd5 Ng4
21. Rd2 Ne5=
1/2-1/2

[Event "The Second Jerusalem Open"]
[Site "SchemingMind.com"]
[Date "2008.09.15"]
[Round "-"]
[White "ramanujan"]
[Black "MarketTheHay"]
[Result "1-0"]
[WhiteCountry "IND"]
[BlackCountry "ENG"]
[WhiteElo "1984"]
[WhiteRD "93"]
[BlackElo "1874"]
[BlackRD "67"]
[GameID "171004"]

1. d4 Nf6 2. c4 c5 3. d5 e6 4. Nc3 exd5 5. cxd5 d6 6. e4 g6 7. Nf3 Bg7 8. Be2 O-O 9. O-O a6 10. a4 Bg4
11. Bf4 Bxf3 12. Bxf3 Qe7 13. Qd2 Re8 14. Rfe1 Nbd7 15. Re2 Qf8 16. g3 Rad8 17. Bg2 Ng4 18. h3 Nge5 19. Bg5 f6 20. Bf4 Re7
21. Qc2 Rde8 22. Rae1 Rf7 23. Bc1 g5 24. f4 gxf4 25. gxf4 Ng6 26. f5 Nge5 27. Re3 Kh8 28. Rg3 Qe7 29. Kh2 Rg8 30. Rg1 c4
31. Bf1 Nc5 32. Qg2 Ncd3 33. Bd2 Nxb2 34. Be2 Qc7 35. Bh5 Re7 36. Ne2 Nxa4 37. Nd4 Nc5 38. Ne6
1-0

[Event "The Second Jerusalem Open"]
[Site "SchemingMind.com"]
[Date "2008.09.13"]
[Round "-"]
[White "ramanujan"]
[Black "Dr_Pat"]
[Result "0-1"]
[WhiteCountry "IND"]
[BlackCountry "USA"]
[WhiteElo "1955"]
[WhiteRD "103"]
[BlackElo "1970"]
[BlackRD "60"]
[GameID "171005"]

1. d4 d5 2. c4 dxc4 3. Nf3 Nf6 4. Nc3 a6 5. e4 b5 6. Ne5 Bb7 7. f3 e6 8. a4 Bb4 9. Bd2 Qxd4 10. f4 Nxe4
11. Nxe4 Qxe4+ 12. Be2 Qxg2 13. Bf3 Bxf3
0-1

[Event "The Second Jerusalem Open"]
[Site "SchemingMind.com"]
[Date "2008.09.18"]
[Round "-"]
[White "ramanujan"]
[Black "calidore"]
[Result "0-1"]
[WhiteCountry "IND"]
[BlackCountry "ISR"]
[WhiteElo "1937"]
[WhiteRD "89"]
[BlackElo "1875"]
[BlackRD "68"]
[GameID "171006"]

1. d4 Nf6 2. c4 d6 3. Nc3 e5 4. dxe5 dxe5 5. Qxd8+ Kxd8 6. Bg5 Be7 7. O-O-O+ Bd7 8. e3 c6 9. Nf3 Ng4 10. Rd2 f6
11. Bh4 Kc7 12. h3 Nh6 13. g4 Re8 14. Bd3 g6 15. Rhd1 Be6 16. g5 fxg5 17. Bxg5 Nf7 18. Ne4 Bxh3 19. Bxe7 Rxe7 20. c5 Nd7
21. Bc4 Bg4 22. Rxd7+ Bxd7 23. Nf6 Rd8 24. Rh1 Be6 25. Bxe6 Rxe6 26. Ne4 h5 27. Nfd2 b6 28. b4 Rg8 29. Nc4 Rd8 30. Kc2 b5
31. Ncd2 Ra8 32. Nb3 Rh8 33. Rh4 g5 34. Rh1 g4 35. Nbd2 Rg6 36. Rh4 Ng5 37. Ng3 Rf8 38. Rxh5 Rxf2 39. Kd3 Kd7 40. a3 Rf7
41. Rh8 Kc7 42. e4 Rgg7 43. Nf5 Rxf5 44. exf5 g3 45. f6 Rg6 46. Ne4 g2 47. Nxg5 Rxg5 48. f7 g1=Q 49. Rc8+ Kb7 50. f8=Q Qd4+
0-1

[Event "The Second Jerusalem Open"]
[Site "SchemingMind.com"]
[Date "2008.09.14"]
[Round "-"]
[White "ramanujan"]
[Black "smothered mate"]
[Result "0-1"]
[WhiteCountry "IND"]
[BlackCountry "POL"]
[WhiteElo "1937"]
[WhiteRD "89"]
[BlackElo "1882"]
[BlackRD "54"]
[GameID "171007"]

1. d4 d5 2. c4 e6 3. Nc3 c5 4. cxd5 exd5 5. Nf3 Nc6 6. Bf4 a6 7. e3 Nf6 8. Bd3 Bg4 9. O-O Be7 10. dxc5 Bxc5
11. Bg5 Be6 12. e4 d4 13. Ne2 h6 14. Bh4 g5 15. Bg3 Nh5 16. Rc1 Ba7 17. b4 Nxg3 18. Nxg3 Nxb4 19. Qa4+ Nc6 20. Rxc6 Bd7
21. Ne5 Bxc6 22. Nxc6 Qd7 23. Qa3 Qxc6 24. Rc1 Qd7 25. Nf5 Rb8 26. Nd6+ Kf8 27. Rc7 Qxc7
0-1

[Event "The Second Jerusalem Open"]
[Site "SchemingMind.com"]
[Date "2008.09.14"]
[Round "-"]
[White "ramanujan"]
[Black "Schaakmaatje"]
[Result "1-0"]
[WhiteCountry "IND"]
[BlackCountry "NED"]
[WhiteElo "1955"]
[WhiteRD "103"]
[BlackElo "1851"]
[BlackRD "48"]
[GameID "171008"]

1. d4 d5 2. c4 c6 3. Nf3 e6 4. Nc3 f5 5. Bf4 Nf6 6. e3 Bb4 7. a3 Be7 8. Bd3 O-O 9. Qe2 Ne4 10. Bxe4 fxe4
11. Ne5 Nd7 12. O-O-O Nf6 13. g4 Kh8 14. g5 Ng8 15. Qh5
1-0

[Event "The Second Jerusalem Open"]
[Site "SchemingMind.com"]
[Date "2008.09.13"]
[Round "-"]
[White "reptile"]
[Black "ramanujan"]
[Result "0-1"]
[WhiteCountry "ISR"]
[BlackCountry "IND"]
[WhiteElo "1917"]
[WhiteRD "78"]
[BlackElo "1937"]
[BlackRD "89"]
[GameID "171009"]

1. d4 Nf6 2. c4 g6 3. Nc3 Bg7 4. e4 d6 5. f3 O-O 6. Be3 c5 7. Nge2 Nc6 8. Qd2 a6 9. Bh6 Bxh6 10. Qxh6 cxd4
11. Nd5 Nxd5 12. cxd5 Qa5+ 13. Qd2 Nb4 14. Nxd4 e5 15. dxe6 Bxe6 16. Be2 Qb6 17. Nxe6 fxe6 18. a3 Nc6 19. Bc4 d5 20. exd5 Rad8
21. d6 Nd4 22. O-O-O Qxd6 23. Kb1 b5 24. Ba2 Qc5 25. Qe3 Qc2+
0-1

[Event "The Second Jerusalem Open"]
[Site "SchemingMind.com"]
[Date "2008.09.15"]
[Round "-"]
[White "MarketTheHay"]
[Black "ramanujan"]
[Result "0-1"]
[WhiteCountry "ENG"]
[BlackCountry "IND"]
[WhiteElo "1852"]
[WhiteRD "73"]
[BlackElo "1971"]
[BlackRD "96"]
[GameID "171010"]

1. e4 d6 2. d4 g6 3. Be3 Nf6 4. Nd2 Bg7 5. Be2 O-O 6. h4 c5 7. h5 cxd4 8. Bxd4 Nc6 9. Bc3 d5 10. exd5 Qxd5
11. Bf3 Qd6 12. Ne2 Bg4 13. Bxg4 Nxg4 14. Bxg7 Kxg7 15. Ng3 Ne3
0-1

[Event "The Second Jerusalem Open"]
[Site "SchemingMind.com"]
[Date "2008.09.15"]
[Round "-"]
[White "Dr_Pat"]
[Black "ramanujan"]
[Result "1-0"]
[WhiteCountry "USA"]
[BlackCountry "IND"]
[WhiteElo "2106"]
[WhiteRD "52"]
[BlackElo "1937"]
[BlackRD "89"]
[GameID "171011"]

1. d4 Nf6 2. c4 g6 3. Nc3 Bg7 4. e4 d6 5. Nf3 O-O 6. Be2 e5 7. d5 Nbd7 8. O-O Nc5 9. Qc2 a5 10. Be3 Nfd7
11. b3 f5 12. exf5 gxf5 13. Bg5 Nf6 14. a3 Qe8 15. Nb5 Qf7 16. Be3 b6 17. Ng5 Qe7 18. b4 Nfe4 19. bxc5 Nxg5 20. Bxg5 Qxg5
21. Nxc7 f4 22. Nxa8 f3 23. Bxf3 Rxf3 24. Kh1 Rf8 25. Nxb6 Bf5 26. Qb3 dxc5 27. Qe3 Qe7 28. Rad1 Qd6 29. Na4 Bc2 30. Nxc5 Bxd1
31. Rxd1 Rc8 32. Ne4 Qd7 33. c5 Qa4 34. Qd3 Rb8 35. c6
1-0

[Event "The Second Jerusalem Open"]
[Site "SchemingMind.com"]
[Date "2008.09.18"]
[Round "-"]
[White "calidore"]
[Black "ramanujan"]
[Result "1-0"]
[WhiteCountry "ISR"]
[BlackCountry "IND"]
[WhiteElo "1860"]
[WhiteRD "62"]
[BlackElo "1971"]
[BlackRD "96"]
[GameID "171012"]

1. e4 d6 2. d4 Nf6 3. Nc3 g6 4. Be3 Bg7 5. f3 O-O 6. Qd2 c5 7. dxc5 dxc5 8. Qxd8 Rxd8 9. Bxc5 Nc6 10. a3 Be6
11. Bb5 Nd7 12. Be3 Rac8 13. Nge2 Nce5 14. Nd4 Bc4 15. O-O-O a6 16. Bxc4 Nxc4 17. Bf2 b5 18. h4 Nxa3 19. Nd5 Bxd4 20. Nxe7+ Kf8
21. Nxc8 Rxc8 22. bxa3 Bxf2 23. Rxd7 Rb8 24. h5 Ke8 25. Rd6 b4 26. axb4 Rxb4 27. Kd2 a5 28. hxg6 hxg6 29. Ra1 Bb6 30. Ra3 a4
31. Ra2 Bc5 32. Rd5 Be7 33. c3
1-0

[Event "The Second Jerusalem Open"]
[Site "SchemingMind.com"]
[Date "2008.09.15"]
[Round "-"]
[White "smothered mate"]
[Black "ramanujan"]
[Result "0-1"]
[WhiteCountry "POL"]
[BlackCountry "IND"]
[WhiteElo "1878"]
[WhiteRD "51"]
[BlackElo "1966"]
[BlackRD "90"]
[GameID "171013"]

1. d4 Nf6 2. c4 g6 3. Nc3 Bg7 4. Nf3 O-O 5. e3 d5 6. a3 c6 7. Bd3 Bg4 8. h3 Bf5 9. Bxf5 gxf5 10. Ne5 Nbd7
11. Qf3 e6 12. g4 Nxe5 13. dxe5 Nd7 14. gxf5 Nxe5 15. Qg2 Kh8 16. Rg1 Rg8 17. cxd5 cxd5 18. fxe6 fxe6 19. Bd2 Qb6 20. f4 Nc4
21. Na4 Qb3 22. Nc5 Qxb2 23. Rd1 Nxd2 24. Rxd2 Qc1+ 25. Ke2 Qxc5 26. Qf3 d4 27. Qxb7 Rab8 28. Qf7 dxe3 29. Rd7 Rb2+ 30. Kf3 Rf2+
31. Ke4 Qc2+ 32. Rd3 Qc6+ 33. Kxe3 Qf3#
0-1

[Event "The Second Jerusalem Open"]
[Site "SchemingMind.com"]
[Date "2008.09.15"]
[Round "-"]
[White "Schaakmaatje"]
[Black "ramanujan"]
[Result "0-1"]
[WhiteCountry "NED"]
[BlackCountry "IND"]
[WhiteElo "1759"]
[WhiteRD "55"]
[BlackElo "1966"]
[BlackRD "90"]
[GameID "171014"]

1. e4 d6 2. Nc3 g6 3. Bc4 Bg7 4. d4 Nf6 5. f3 O-O 6. Be3 c6 7. Qd2 Nbd7 8. Nh3 b5 9. Bb3 a5 10. a4 b4
11. Ne2 Ba6 12. O-O Qc7 13. Nf2 e5 14. Rac1 exd4 15. Nxd4 Bxf1 16. Kxf1 Nc5 17. c3 Nfd7 18. cxb4 axb4 19. Qd1 Ra6 20. Nd3 Qa5
21. Bc4 Rb6 22. b3 Qa8 23. Nf4 Ne5 24. Be2 Rb7 25. Nd3 Nexd3 26. Bxd3 Rd7 27. Bc4 Re8 28. Ne2 Ne6 29. Bxe6 fxe6 30. Nd4 Bxd4
31. Bxd4 e5 32. Bb2 d5 33. Rc5 Red8 34. Qc2 dxe4 35. Qc4+ Kf8 36. Bxe5 exf3 37. gxf3 Rd1+ 38. Kf2 R8d2+ 39. Ke3 Qd8 40. Qe4 Re1+
0-1

[Event "The Second Jerusalem Open"]
[Site "SchemingMind.com"]
[Date "2008.09.18"]
[Round "-"]
[White "simon_w"]
[Black "reptile"]
[Result "0-1"]
[WhiteCountry "IRL"]
[BlackCountry "ISR"]
[WhiteElo "1835"]
[WhiteRD "66"]
[BlackElo "1917"]
[BlackRD "78"]
[GameID "171609"]

1. d4 Nf6 2. c4 g6 3. g3 Bg7 4. Nf3 O-O 5. Bg2 d6 6. O-O Nbd7 7. Qc2 c5 8. Rd1 cxd4 9. Nxd4 Nc5 10. Nc3 Bd7
11. b3 Rc8 12. Bb2 Re8 13. e4 a6 14. Nde2 Ng4 15. Nf4 b5 16. Rab1 bxc4 17. bxc4 Ne6 18. Ncd5 Ne5 19. Bxe5 Bxe5 20. Nd3 Bg7
21. e5 Nd4 22. Qd2 dxe5 23. Nb6 Rb8 24. Nxd7 Qxd7 25. Qa5 Rxb1
0-1

[Event "The Second Jerusalem Open"]
[Site "SchemingMind.com"]
[Date "2008.09.18"]
[Round "-"]
[White "simon_w"]
[Black "ramanujan"]
[Result "0-1"]
[WhiteCountry "IRL"]
[BlackCountry "IND"]
[WhiteElo "1835"]
[WhiteRD "66"]
[BlackElo "1937"]
[BlackRD "89"]
[GameID "171610"]

1. d4 Nf6 2. c4 g6 3. g3 Bg7 4. Nf3 O-O 5. Bg2 d5 6. O-O dxc4 7. Na3 Be6 8. Ne5 Bd5 9. Bxd5 Qxd5 10. Nexc4 Nc6
11. e3 Rfd8 12. b3 e5 13. Bb2 e4 14. Rc1 Qe6 15. Bc3 Qh3 16. f3 Rd5 17. g4 Rg5 18. Rc2 Nd5 19. Rff2 h5 20. Rg2 Qxf3
21. Qxf3 exf3
0-1

[Event "The Second Jerusalem Open"]
[Site "SchemingMind.com"]
[Date "2008.09.22"]
[Round "-"]
[White "simon_w"]
[Black "MarketTheHay"]
[Result "0-1"]
[WhiteCountry "IRL"]
[BlackCountry "ENG"]
[WhiteElo "1835"]
[WhiteRD "66"]
[BlackElo "1863"]
[BlackRD "74"]
[GameID "171611"]

1. d4 Nf6 2. c4 c5 3. d5 e6 4. Nc3 exd5 5. cxd5 d6 6. e4 g6 7. f4 Bg7 8. Bb5+ Nfd7 9. a4 a6 10. Bd3 Qh4+
11. g3 Qd8 12. Nf3 O-O 13. O-O Nf6 14. Be2 Bh3 15. Re1 Ng4 16. Ng5 Bd4+
0-1

[Event "The Second Jerusalem Open"]
[Site "SchemingMind.com"]
[Date "2008.09.18"]
[Round "-"]
[White "simon_w"]
[Black "Dr_Pat"]
[Result "0-1"]
[WhiteCountry "IRL"]
[BlackCountry "USA"]
[WhiteElo "1829"]
[WhiteRD "71"]
[BlackElo "2155"]
[BlackRD "51"]
[GameID "171612"]

1. d4 d5 2. c4 dxc4 3. Nc3 Nf6 4. e4 e5 5. Nf3 exd4 6. Nxd4 Bc5 7. Be3 Bxd4 8. Bxd4 Nc6 9. Bxf6 Qxf6 10. Bxc4 O-O
11. O-O Rd8 12. Qe2 Nd4 13. Qh5 Be6 14. Bxe6 Qxe6 15. Rab1 Rd7 16. Kh1 Rad8 17. f4 Qc4 18. Qg4 c6 19. Rbc1 Qb4 20. Rf2 Nb5
21. Nxb5 Qxb5 22. Rcf1 Rd2 23. h3 Qxb2 24. Rxd2 Qxd2 25. f5 Qd3 26. Rf3 Qb1+ 27. Kh2 Qxa2 28. f6 g6 29. Qg5 Qd2 30. Rf4 Kf8
31. e5 Qe3 32. e6 Qxe6 33. Rf3 Qd6+ 34. Kh1 Kg8
0-1

[Event "The Second Jerusalem Open"]
[Site "SchemingMind.com"]
[Date "2008.09.22"]
[Round "-"]
[White "simon_w"]
[Black "calidore"]
[Result "1/2-1/2"]
[WhiteCountry "IRL"]
[BlackCountry "ISR"]
[WhiteElo "1859"]
[WhiteRD "71"]
[BlackElo "1883"]
[BlackRD "58"]
[GameID "171613"]

1. d4 Nf6 2. c4 d6 3. Nf3 Bg4 4. Nc3 Bxf3 5. exf3 e5 6. d5 c6 7. Be3 Be7 8. Be2 O-O 9. Qc2 cxd5 10. cxd5 Qa5
11. O-O Nxd5 12. Nxd5 Qxd5 13. Bd3 h6 14. Be4 Qb5 15. Qc7 d5 16. Bxd5 Qxd5 17. Qxe7 Nc6 18. Qa3 a6=
1/2-1/2

[Event "The Second Jerusalem Open"]
[Site "SchemingMind.com"]
[Date "2008.09.18"]
[Round "-"]
[White "simon_w"]
[Black "smothered mate"]
[Result "0-1"]
[WhiteCountry "IRL"]
[BlackCountry "POL"]
[WhiteElo "1859"]
[WhiteRD "71"]
[BlackElo "1931"]
[BlackRD "51"]
[GameID "171614"]

1. d4 d5 2. c4 e6 3. Nc3 c5 4. cxd5 exd5 5. Nf3 cxd4 6. Qxd4 Nf6 7. e4 Nc6 8. Bb5 Bd7 9. Bxc6 Bxc6 10. exd5 Nxd5
11. O-O Nxc3 12. Qxc3 Bxf3 13. Qxf3 Be7 14. Qxb7 O-O 15. Bf4 Bf6 16. Rac1 Qd4 17. Be3 Qxb2 18. Qxb2 Bxb2 19. Rc7 a5 20. Rb7= Rfb8
21. Rxb8+ Rxb8 22. Rb1 a4 23. a3 Be5 24. Rxb8+ Bxb8 25. Bc5 f5 26. h3 Kf7 27. Kf1 Ke6 28. Ke2 Kd5 29. Bb4 Kc4 30. Kd2 Kb3
31. g3 Be5 32. f4 Bb2 33. Bf8 g6 34. Bb4 Bxa3 35. Bxa3 Kxa3 36. Kc3 Ka2 37. Kc2 a3 38. g4 h6 39. gxf5 gxf5
0-1

[Event "The Second Jerusalem Open"]
[Site "SchemingMind.com"]
[Date "2008.09.18"]
[Round "-"]
[White "simon_w"]
[Black "Schaakmaatje"]
[Result "1-0"]
[WhiteCountry "IRL"]
[BlackCountry "NED"]
[WhiteElo "1859"]
[WhiteRD "71"]
[BlackElo "1851"]
[BlackRD "48"]
[GameID "171615"]

1. d4 Nf6 2. c4 d5 3. cxd5 Nxd5 4. e4 Nb6 5. Nc3 Nc6 6. d5 Ne5 7. f4 Ng6 8. Nf3 Bg4 9. Be2 e6 10. dxe6 fxe6
11. Qb3 Bc5 12. f5 Nf8 13. Bg5 Qc8 14. Ne5 Bxe2 15. Nxe2 a5 16. O-O-O h6 17. Rd8+ Qxd8 18. Bxd8 Rxd8 19. Ng6 Nxg6 20. fxg6 Ke7
21. Qc3 Na4 22. Qxg7+ Kd6 23. Rd1+
1-0

[Event "The Second Jerusalem Open"]
[Site "SchemingMind.com"]
[Date "2008.09.18"]
[Round "-"]
[White "reptile"]
[Black "simon_w"]
[Result "1/2-1/2"]
[WhiteCountry "ISR"]
[BlackCountry "IRL"]
[WhiteElo "1917"]
[WhiteRD "78"]
[BlackElo "1835"]
[BlackRD "66"]
[GameID "171616"]

1. d4 d5 2. Nf3 Nf6 3. c4 e6 4. Nc3 c6 5. Bg5 Nbd7 6. e3 Qa5 7. cxd5 Nxd5 8. Qd2 N7b6 9. Nxd5 Qxd2+ 10. Nxd2 exd5
11. a3 Bd6 12. b4 Bd7 13. Bd3 f6 14. Bh4 O-O-O 15. O-O Bg4 16. Rfc1 Kb8 17. Nb3 g5 18. Bg3 Bxg3 19. hxg3 h5 20. b5 cxb5
21. Bxb5 h4 22. f3 Bd7 23. Bxd7 Nxd7 24. gxh4 Rxh4 25. Nc5 Nb6 26. Rab1 Rh7 27. a4 Nc4 28. Kf2 Re8 29. Rc3 b6 30. a5 Ree7
31. axb6 Nxb6 32. Kg3 f5 33. Nd3 Rc7 34. Rc5 Ka8 35. Kf2 Rxc5 36. Nxc5 Nc4 37. Rb3=
1/2-1/2

[Event "The Second Jerusalem Open"]
[Site "SchemingMind.com"]
[Date "2008.09.19"]
[Round "-"]
[White "ramanujan"]
[Black "simon_w"]
[Result "1-0"]
[WhiteCountry "IND"]
[BlackCountry "IRL"]
[WhiteElo "1971"]
[WhiteRD "96"]
[BlackElo "1900"]
[BlackRD "71"]
[GameID "171617"]

1. d4 d5 2. c4 e5 3. dxe5 d4 4. Nf3 c5 5. b4 cxb4 6. Qxd4 Qxd4 7. Nxd4 Nc6 8. Nb5 Kd7 9. Bb2 a6 10. Nd6 Bxd6
11. exd6 f6 12. c5 a5 13. Nd2 b6 14. Nc4
1-0

[Event "The Second Jerusalem Open"]
[Site "SchemingMind.com"]
[Date "2008.09.19"]
[Round "-"]
[White "MarketTheHay"]
[Black "simon_w"]
[Result "0-1"]
[WhiteCountry "ENG"]
[BlackCountry "IRL"]
[WhiteElo "1863"]
[WhiteRD "74"]
[BlackElo "1835"]
[BlackRD "66"]
[GameID "171618"]

1. e4 c5 2. Nf3 d6 3. d4 cxd4 4. Nxd4 Nf6 5. Nc3 Nc6 6. Bg5 Bd7 7. Bxf6 gxf6 8. Bc4 Qa5 9. O-O Rg8 10. Kh1 Qg5
11. Rg1 Nxd4 12. Qxd4 Bc6 13. Nd5 Rc8 14. Rad1 Bg7 15. Qxa7 f5 16. Nc7+ Kf8 17. Be6 Be5 18. Bxf5 e6
0-1

[Event "The Second Jerusalem Open"]
[Site "SchemingMind.com"]
[Date "2008.09.18"]
[Round "-"]
[White "Dr_Pat"]
[Black "simon_w"]
[Result "1-0"]
[WhiteCountry "USA"]
[BlackCountry "IRL"]
[WhiteElo "2106"]
[WhiteRD "52"]
[BlackElo "1835"]
[BlackRD "66"]
[GameID "171619"]

1. d4 Nf6 2. c4 g6 3. Nc3 Bg7 4. e4 d6 5. Nf3 O-O 6. Be2 e5 7. dxe5 dxe5 8. Qxd8 Rxd8 9. Bg5 Nbd7 10. O-O-O b6
11. Nxe5 Bb7 12. Nxd7 Rxd7 13. f3 Rxd1+ 14. Rxd1 Bc6 15. Nb5 Bxb5 16. cxb5 Rc8 17. Kc2 h6 18. Be3 Ne8 19. f4 Nd6 20. e5 Nf5
21. Bf2 g5 22. Bg4
1-0

[Event "The Second Jerusalem Open"]
[Site "SchemingMind.com"]
[Date "2008.09.22"]
[Round "-"]
[White "calidore"]
[Black "simon_w"]
[Result "0-1"]
[WhiteCountry "ISR"]
[BlackCountry "IRL"]
[WhiteElo "1860"]
[WhiteRD "62"]
[BlackElo "1900"]
[BlackRD "71"]
[GameID "171620"]

1. e4 c5 2. c3 Nf6 3. e5 Nd5 4. d4 cxd4 5. cxd4 d6 6. Nf3 Nc6 7. Nc3 dxe5 8. Nxe5 Nxc3 9. Nxc6 Nxd1 10. Nxd8 Nxb2
11. Nxf7 Kxf7 12. Bxb2 Be6 13. Be2 Bd5 14. O-O e6 15. Rfc1 Bd6 16. a3 g6 17. Bc4 Rac8 18. Bxd5 exd5 19. Kf1 Rc4 20. h3 Rhc8
21. Ke2 b5 22. Rxc4 dxc4 23. Rc1 a5 24. g4 b4 25. axb4 axb4 26. h4 b3 27. h5 Bb4 28. hxg6+ hxg6 29. f4 c3 30. Bxc3 Rxc3
31. Rxc3 Bxc3 32. Kd3 Bxd4
0-1

[Event "The Second Jerusalem Open"]
[Site "SchemingMind.com"]
[Date "2008.09.18"]
[Round "-"]
[White "smothered mate"]
[Black "simon_w"]
[Result "1-0"]
[WhiteCountry "POL"]
[BlackCountry "IRL"]
[WhiteElo "1877"]
[WhiteRD "53"]
[BlackElo "1857"]
[BlackRD "73"]
[GameID "171621"]

1. d4 Nf6 2. c4 g6 3. Nc3 Bg7 4. Nf3 O-O 5. e3 c5 6. Be2 d5 7. O-O cxd4 8. exd4 Nc6 9. Bg5 dxc4 10. Bxc4 Bg4
11. d5 Ne5 12. Be2 Nxf3+ 13. Bxf3 Bxf3 14. Qxf3 Rc8 15. Rad1 Nh5 16. d6 Bf6 17. dxe7 Qxe7 18. Rfe1 Qxe1+ 19. Rxe1 Bxg5 20. Nd5 b6
21. g4 Ng7 22. Re5 f6 23. Ne7+
1-0

[Event "The Second Jerusalem Open"]
[Site "SchemingMind.com"]
[Date "2008.09.18"]
[Round "-"]
[White "Schaakmaatje"]
[Black "simon_w"]
[Result "0-1"]
[WhiteCountry "NED"]
[BlackCountry "IRL"]
[WhiteElo "1851"]
[WhiteRD "48"]
[BlackElo "1859"]
[BlackRD "71"]
[GameID "171622"]

1. e4 c5 2. Nf3 d6 3. d4 Nf6 4. Nc3 cxd4 5. Nxd4 g6 6. f3 Bg7 7. Be3 Nc6 8. Qd2 O-O 9. O-O-O d5 10. Bd3 e6
11. h4 Bd7 12. h5 Nxh5 13. Rxh5 gxh5 14. Nce2 Rc8 15. exd5 exd5 16. Nf5 Bxf5 17. Bxf5 Qf6
0-1